000 00736nam a2200181 a 4500
001 000026167
005 20250221073755.0
008 090709s1970 dr c 000 0 spa d
040 _aDO-SdBNP
_bspa
_cBNPHU
110 1 _aRepública Dominicana.
_bSecretariado Técnico de la Presidencia.
_bOficina Nacional de Estadística
_910866
245 1 0 _aDía de la estadística nacional :
_bReseña historica de la primera conmemoración 1970.
260 _aSanto Domingo :
_bOficina Nacional de Estadística:,
_c1970.
300 _a87 p. ; :
_bil., retr. ;
_c28 cm.
651 4 _aRepública Dominicana
_xServicios Estadisticos
_910867
710 1 _aRepública Dominicana.
_bOficina Nacional de Estadística
_95775
049 _aBNPD
049 _aBNPD
999 _c25659
_d25659